000 004490000a22001570004500
090 _aAR
_b00279
245 1 0 _aDiversity and floristic composition of neotropical dry forests
650 1 4 _aBiodiversidad
_992204
650 1 4 _aFlora
_992293
650 1 4 _aVegetación
_992799
650 1 4 _aBosques tropicales
_992765
041 0 _aInglés
100 1 _aGentry, Alwyn H.
_93673
942 _cARTICULO
773 1 _tNeotropical Floristics
_3111
_q146-193
_d1990?
999 _c9379
_d9379